[Event "AUTO-MASTER-1556"]
[Site "http://www.queenalice.com/game.php?id=1018156"]
[Date "2012.1.29"]
[Round "1"]
[White "goldaric"]
[Black "alainbouley"]
[Result "1/2-1/2"]
[WhiteElo "2047"]
[BlackElo "2250"]

1. e4 e5 2. Bc4 Nf6 3. d3 Nc6 4. Nf3 Bc5 5. O-O O-O 6. Nc3 h6 7. Bd2 d6 8. Nd5
Be6 9. Qe2 Nd4 10. Nxd4 Bxd4 11. c3 Bxd5 12. exd5 Bb6 13. Kh1 Qd7 14. h3 Rfe8
15. Be3 c6 16. dxc6 bxc6 17. b4 d5 18. Bxb6 axb6 19. Bb3 e4 20. d4 Qd6 21. a4
Qf4 22. Qe3 Qf5 23. Bc2 Qe6 24. Rae1 Nh5 25. f4 exf3 26. Qxe6 fxg2+ 27. Kxg2
Rxe6 28. Rxe6 fxe6 29. Bg6 Nf6 30. Ra1 Ne4 31. Bxe4 dxe4 32. a5 bxa5 33. bxa5
Ra6 34. Kg3 Kf7 35. Kf4 Ke7 36. Kxe4 Kd6 37. c4 c5 38. dxc5+ Kxc5 39. Ra4 g5 40.
Ke5 h5 41. Ke4 g4 42. hxg4 hxg4 43. Kf4 e5+ 44. Kxg4 Kd4 45. c5+ Kxc5 46. Kf5
Kd5 47. Re4 Kc5 48. Rxe5+ Kb4 49. Kf4 1/2-1/2

[Event "AUTO-MASTER-1556"]
[Site "http://www.queenalice.com/game.php?id=1018157"]
[Date "2012.1.29"]
[Round "1"]
[White "alainbouley"]
[Black "goldaric"]
[Result "1-0"]
[WhiteElo "2231"]
[BlackElo "2056"]

1. e4 Nf6 2. d4 h6 3. e5 Nd5 4. c4 Nb6 5. Nc3 d6 6. Nf3 Bg4 7. exd6 exd6 8. h3
Bh5 9. Be3 Be7 10. Be2 O-O 11. b3 Bf6 12. Rc1 Re8 13. O-O Nc6 14. a3 Nd7 15. b4
b6 16. Re1 Bg6 17. Qd2 Ne7 18. Nh2 Nf5 19. Ng4 Nxe3 20. fxe3 Bh4 21. Rf1 Bg3 22.
Rf3 Qh4 23. Rcf1 Bh5 24. e4 f5 25. Rxf5 Bxg4 26. Bxg4 Nf6 27. Rxf6 gxf6 28. Nd5
Rf8 29. Nxc7 Rac8 30. Bxc8 Rxc8 31. Nd5 Qg5 32. Qxg5+ fxg5 33. Ne7+ 1-0

[Event "AUTO-MASTER-1556"]
[Site "http://www.queenalice.com/game.php?id=1018158"]
[Date "2012.1.29"]
[Round "1"]
[White "goldaric"]
[Black "niclep"]
[Result "1-0"]
[WhiteElo "2039"]
[BlackElo "2066"]

1. e4 e5 2. Nf3 Nc6 3. Bb5 Nge7 4. Nc3 a6 5. Ba4 b5 6. Bb3 Ng6 7. d3 Bc5 8. O-O
h6 9. a3 d6 10. h3 O-O 11. Nd5 Be6 12. Be3 Bxe3 13. fxe3 Nce7 14. Qe1 c5 15. c4
Qb8 16. Qa5 Nc6 17. Qd2 Qd8 18. Qf2 Bxd5 19. cxd5 Nce7 20. Nh4 Ra7 21. Nf5 Kh8
22. Qf3 Ng8 23. Qg3 Nf6 24. Rac1 Rd7 25. Ba2 Rg8 26. b4 cxb4 27. axb4 Rc7 28.
Qf2 Qd7 29. d4 Nxe4 30. Qf3 Nd2 31. Qh5 Nxf1 32. Nxh6 Rf8 33. Nxf7+ Kg8 34. Ng5
Rfc8 35. Qh7+ Kf8 36. Rxf1+ Ke8 37. Qxg6+ Kd8 38. Rf8+ 1-0

[Event "AUTO-MASTER-1556"]
[Site "http://www.queenalice.com/game.php?id=1018159"]
[Date "2012.1.29"]
[Round "1"]
[White "niclep"]
[Black "goldaric"]
[Result "1-0"]
[WhiteElo "2060"]
[BlackElo "2055"]

1. e4 Nf6 2. e5 Nd5 3. d4 d6 4. c4 Nb6 5. exd6 exd6 6. Nf3 Bg4 7. b3 Be7 8. Bb2
O-O 9. Be2 Bf6 10. O-O Nc6 11. h3 Bh5 12. Nbd2 Re8 13. Re1 Bg6 14. Nf1 Nd7 15.
Qd2 a5 16. a4 b6 17. Ne3 Nb4 18. Bc3 c5 19. Bxb4 axb4 20. Nd5 Be4 21. Nxf6+ Nxf6
22. d5 Qd7 23. Nh2 Qf5 24. Rac1 Qg6 25. f3 Bf5 26. g4 Bd7 27. Qf4 Re5 28. Kf2
Rae8 29. h4 h5 30. g5 Rf5 31. Bd3 Ne4+ 32. Bxe4 Rxe4 33. Qxe4 f6 34. Rg1 Kf7 35.
Rce1 Rxf3+ 36. Nxf3 1-0

[Event "Challenge"]
[Site "http://www.queenalice.com/game.php?id=1027150"]
[Date "2012.2.6"]
[Round "-"]
[White "magrella"]
[Black "goldaric"]
[Result "0-1"]
[WhiteElo "1846"]
[BlackElo "2061"]

1. e4 c6 2. d4 d5 3. e5 Bf5 4. Nc3 e6 5. Nf3 Bb4 6. Bd2 Nd7 7. a3 Ba5 8. b4 Bb6
9. a4 a6 10. a5 Bc7 11. Be2 Ne7 12. O-O h6 13. Qc1 Ng8 14. h3 Qe7 15. Nh2 f6 16.
Bf4 g5 17. Bh5+ Kd8 18. Bd2 Nf8 19. Bg4 Bxg4 20. Nxg4 f5 21. Nh2 Kd7 22. f4 g4
23. hxg4 fxg4 24. Nxg4 h5 25. Nh2 Nh6 26. Rf3 Nf5 27. Ne2 Ng6 28. Be1 Ngh4 29.
Bxh4 Nxh4 30. Rg3 Rag8 31. Qa3 Nf5 32. Rh3 Rg6 33. Rf1 Qg7 34. Qf3 Bd8 35. Rf2
Bh4 36. Rf1 Rg8 37. Qxh5 Rxg2+ 38. Kh1 Bf2 39. Qh7 Bxd4 40. Nf3 Be3 41. Ng5 Rxe2
42. Qh5 Rxc2 43. Qg4 Rh8 44. Rxh8 Qxh8+ 45. Nh3 Qh7 46. Qf3 Qh4 47. Rg1 Bxg1 48.
Kxg1 Qe1+ 49. Qf1 Qg3+ 0-1

[Event "Challenge"]
[Site "http://www.queenalice.com/game.php?id=1027151"]
[Date "2012.2.6"]
[Round "-"]
[White "goldaric"]
[Black "magrella"]
[Result "0-1"]
[WhiteElo "2068"]
[BlackElo "1839"]

1. d4 d5 2. Bf4 Nf6 3. e3 e6 4. Nf3 Bd6 5. g3 Ne4 6. Nbd2 Nxd2 7. Qxd2 Bxf4 8.
exf4 Bd7 9. Bg2 Nc6 10. Ne5 O-O 11. O-O f6 12. Nxc6 Bxc6 13. Rfe1 Qd7 14. Re3
Qf7 15. Rae1 Rae8 16. Qe2 Bd7 17. c4 c6 18. c5 h6 19. Bh3 f5 20. b4 Qf6 21. Re5
g6 22. Qe3 Rf7 23. Bf1 Rg7 24. h4 g5 25. hxg5 hxg5 26. a4 Qh6 27. Bg2 gxf4 28.
Qxf4 Qxf4 29. gxf4 Ree7 30. Kf1 Rg4 31. Ke2 Rxf4 32. Ke3 Rg4 33. Bh3 Rg5 34. Kf4
Reg7 35. R5e3 Rh5 36. Bf1 Kf7 37. Be2 Rh2 38. Rf1 Kf6 39. Rg3 Rh4+ 40. Kf3 Rxd4
41. Rb1 e5 42. b5 Rxa4 43. bxc6 Bxc6 44. Rxg7 Ra3+ 45. Kg2 Kxg7 46. Bb5 Ra5 47.
Bxc6 bxc6 48. Rb7+ Kf6 49. Rc7 Rxc5 0-1

[Event "Deutschland grüßt Singapore"]
[Site "http://www.queenalice.com/game.php?id=1031613"]
[Date "2012.2.20"]
[Round "-"]
[White "juli1"]
[Black "goldaric"]
[Result "1-0"]
[WhiteElo "2148"]
[BlackElo "2056"]

1. c4 Nf6 2. Nf3 Nc6 3. g3 e5 4. Nc3 Bb4 5. Nd5 Nxd5 6. cxd5 Nd4 7. Nxd4 exd4 8.
Qc2 Qf6 9. Qxc7 O-O 10. Qf4 Qxf4 11. gxf4 1-0

[Event "Gambito Da Dama"]
[Site "http://www.queenalice.com/game.php?id=1051724"]
[Date "2012.4.23"]
[Round "-"]
[White "DenianCXI"]
[Black "goldaric"]
[Result "0-1"]
[WhiteElo "1920"]
[BlackElo "2043"]

1. d4 Nc6 2. c4 e6 3. Nf3 h6 4. a3 Nf6 5. Nc3 Be7 6. Bf4 d6 7. e3 O-O 8. Bd3 Bd7
9. O-O Re8 10. Rc1 a6 11. b4 Bf8 12. Bb1 Ne7 13. h3 Ng6 14. Bxg6 fxg6 15. Qd3 g5
16. Bxg5 hxg5 17. Nxg5 Re7 18. d5 e5 19. Nce4 Nxe4 20. Qxe4 g6 21. h4 Rg7 22. f4
Bf5 23. Qf3 Qd7 24. fxe5 dxe5 25. Ne4 Be7 26. Nf2 Bxh4 27. g3 g5 28. gxh4 gxh4+
29. Kh2 Rf8 30. Rg1 Bg4 31. Qg2 Bf3 32. Qxg7+ Qxg7 33. Rxg7+ Kxg7 34. Nd3 e4 35.
Nf4 Kf6 36. Kh3 Rh8 37. Ng2 Bxg2+ 38. Kh2 h3 39. c5 Rd8 40. Rd1 Ke5 0-1

[Event "AUTO-MASTER-1676"]
[Site "http://www.queenalice.com/game.php?id=1073186"]
[Date "2012.6.17"]
[Round "1"]
[White "crazycow"]
[Black "goldaric"]
[Result "1-0"]
[WhiteElo "2105"]
[BlackElo "2015"]

1. d4 Nc6 2. Nf3 e6 3. e4 d5 4. Nbd2 dxe4 5. Nxe4 h6 6. Bd3 Be7 7. O-O Nf6 8. c3
O-O 9. Bf4 Nd5 10. Bg3 Nf6 11. Qc2 Bd7 12. Rae1 Nxe4 13. Bxe4 Bd6 14. Bxd6 1-0

[Event "AUTO-MASTER-1676"]
[Site "http://www.queenalice.com/game.php?id=1073187"]
[Date "2012.6.17"]
[Round "1"]
[White "goldaric"]
[Black "crazycow"]
[Result "0-1"]
[WhiteElo "2028"]
[BlackElo "2093"]

1. e4 c5 2. Bc4 e6 3. Nc3 Nc6 4. Nf3 a6 5. a3 d6 6. O-O Nf6 7. d3 Be7 8. h3 O-O
9. Re1 b5 10. Ba2 Bb7 11. Be3 b4 12. Ne2 a5 13. Ng3 Qc7 0-1

[Event "AUTO-MASTER-1676"]
[Site "http://www.queenalice.com/game.php?id=1073202"]
[Date "2012.6.17"]
[Round "1"]
[White "albemo"]
[Black "goldaric"]
[Result "0-1"]
[WhiteElo "1730"]
[BlackElo "2020"]

1. e4 Nf6 2. Nc3 e5 3. Nf3 Nc6 4. d4 exd4 5. Nxd4 Bb4 6. Bg5 h6 7. Be3 O-O 8. f3
d6 9. Qd3 Ne5 10. Qd2 d5 11. Bd3 dxe4 12. fxe4 c5 13. Nf3 Nxf3+ 14. gxf3 Qa5 15.
Bxh6 Bxc3 16. bxc3 c4 0-1

[Event "AUTO-MASTER-1676"]
[Site "http://www.queenalice.com/game.php?id=1073203"]
[Date "2012.6.17"]
[Round "1"]
[White "goldaric"]
[Black "albemo"]
[Result "1-0"]
[WhiteElo "2024"]
[BlackElo "1726"]

1. e4 e5 2. Bc4 Nf6 3. d3 Bc5 4. Nf3 Nc6 5. Nc3 h6 6. O-O d6 7. h3 g5 8. Be3 Bb6
9. Bxb6 cxb6 10. d4 g4 11. dxe5 gxh3 12. Bxf7+ 1-0

[Event "AUTO-MASTER-1676"]
[Site "http://www.queenalice.com/game.php?id=1073214"]
[Date "2012.6.17"]
[Round "1"]
[White "goldaric"]
[Black "Feijo"]
[Result "0-1"]
[WhiteElo "1976"]
[BlackElo "2171"]

1. e4 d5 2. exd5 Qxd5 3. Nc3 Qa5 4. h3 Bf5 5. Nf3 Nf6 6. d3 e6 7. Bd2 c6 8. Be2
Qc7 9. O-O Bd6 10. Re1 O-O 11. Nh4 Bg6 12. Nxg6 hxg6 13. Bf3 Nbd7 14. Ne4 Bf4
15. Bxf4 Qxf4 16. Qd2 Qc7 17. Ng5 Rfe8 18. Qb4 Nd5 19. Qh4 N7f6 20. Bxd5 exd5
21. Qb4 Rxe1+ 22. Rxe1 Re8 23. Rxe8+ Nxe8 24. Nf3 f6 25. Qg4 Kf7 0-1

[Event "AUTO-MASTER-1676"]
[Site "http://www.queenalice.com/game.php?id=1073215"]
[Date "2012.6.17"]
[Round "1"]
[White "Feijo"]
[Black "goldaric"]
[Result "1-0"]
[WhiteElo "2187"]
[BlackElo "2054"]

1. e4 Nf6 2. e5 Nd5 3. c4 Nb6 4. c5 Nd5 5. Bc4 e6 6. Nc3 c6 7. Ne4 Na6 8. d4 b6
9. Qe2 Nac7 10. Qh5 g6 11. Qf3 Bg7 12. Nd6+ 1-0

[Event "Jogo 2"]
[Site "http://www.queenalice.com/game.php?id=1073508"]
[Date "2012.6.18"]
[Round "-"]
[White "DenianCXI"]
[Black "goldaric"]
[Result "1-0"]
[WhiteElo "1877"]
[BlackElo "2043"]

1. d4 Nc6 2. c4 d5 3. Nc3 e6 4. Nf3 h6 5. Bf4 a6 6. e3 Bb4 7. Qc2 Nf6 8. Bd3 O-O
9. O-O Bd6 10. Bxd6 cxd6 11. cxd5 exd5 12. Rac1 Bg4 13. Be2 1-0

[Event "AUTO-MASTER-1683"]
[Site "http://www.queenalice.com/game.php?id=1076963"]
[Date "2012.6.27"]
[Round "1"]
[White "luciopac"]
[Black "goldaric"]
[Result "1-0"]
[WhiteElo "2225"]
[BlackElo "1964"]

1. e4 Nf6 2. e5 Nd5 3. Nf3 d6 4. c4 Nb6 5. exd6 exd6 6. d4 Bg4 7. Bd3 Be7 8. O-O
N8d7 9. h3 Bh5 10. Be3 O-O 11. Nbd2 Nf6 12. Qc2 Qd7 13. Nh4 Rae8 14. Rfe1 d5 15.
c5 Na8 16. Bf5 Qd8 17. Bd3 c6 18. Nf5 Nc7 19. a4 Bg6 20. Bg5 Ne6 21. Nxe7+ Qxe7
22. Nf3 h6 23. Bh4 Bxd3 24. Qxd3 1-0

[Event "AUTO-MASTER-1683"]
[Site "http://www.queenalice.com/game.php?id=1076964"]
[Date "2012.6.27"]
[Round "1"]
[White "goldaric"]
[Black "luciopac"]
[Result "0-1"]
[WhiteElo "1958"]
[BlackElo "2229"]

1. e4 d5 2. exd5 Qxd5 3. Nc3 Qa5 4. Bc4 c6 5. d3 Nf6 6. Bd2 Qc7 7. h3 Bf5 8. Nf3
e6 9. O-O Bd6 10. Re1 O-O 11. Nh4 Bg6 12. Nxg6 hxg6 13. Ne4 Nxe4 14. Rxe4 Nd7
15. Bc3 b5 16. Bb3 a5 17. Qg4 b4 18. Bd2 Nf6 19. Qh4 Nxe4 20. Qxe4 Rad8 21. Re1
Qb6 22. Be3 Bc5 23. Bxc5 Qxc5 24. Qf4 Rd4 0-1

[Event "AUTO-MASTER-1683"]
[Site "http://www.queenalice.com/game.php?id=1076977"]
[Date "2012.6.27"]
[Round "1"]
[White "goldaric"]
[Black "CCapivara"]
[Result "0-1"]
[WhiteElo "2003"]
[BlackElo "2048"]

1. e4 d6 2. Bc4 Nf6 3. d3 c6 4. Nc3 e5 5. h3 Be7 6. Qe2 O-O 7. Bd2 b5 8. Bb3 a5
9. a3 Na6 10. Nf3 Nc5 11. Ba2 Be6 12. O-O Bxa2 13. Nxa2 Re8 14. Nh4 Ne6 15. Nf5
Bf8 16. Bg5 Nxg5 17. Rad1 Ne6 18. Qf3 g6 19. Ne3 Bg7 20. Rfe1 Nh5 21. g3 Qb6 22.
Nc3 Nd4 23. Qg2 b4 24. Nb1 b3 25. c3 Nc2 26. Re2 Nxe3 0-1

[Event "AUTO-MASTER-1683"]
[Site "http://www.queenalice.com/game.php?id=1076978"]
[Date "2012.6.27"]
[Round "1"]
[White "CCapivara"]
[Black "goldaric"]
[Result "1-0"]
[WhiteElo "2062"]
[BlackElo "1989"]

1. e4 Nf6 2. e5 Nd5 3. c4 Nb6 4. c5 Nd5 5. Nc3 c6 6. Nxd5 cxd5 7. d4 e6 8. Nf3
h6 9. Bd3 b6 10. b4 a5 11. Bd2 bxc5 12. bxc5 Nc6 13. Bc3 Ba6 14. Rb1 Bxd3 15.
Qxd3 Be7 16. O-O O-O 17. Rb6 Nb4 18. Bxb4 axb4 19. Qb3 Ra3 20. Qb2 Qa8 21. Qxb4
Rxa2 22. Rb1 Ra4 23. Qb5 Rd8 24. h3 Ra1 25. Rxa1 Qxa1+ 26. Kh2 Qc1 27. Rb8 1-0

[Event "AUTO-MASTER-1683"]
[Site "http://www.queenalice.com/game.php?id=1076979"]
[Date "2012.6.27"]
[Round "1"]
[White "goldaric"]
[Black "spitty"]
[Result "0-1"]
[WhiteElo "1966"]
[BlackElo "2354"]

1. e4 e6 2. d4 d5 3. Bd3 dxe4 4. Bxe4 Nf6 5. Bf3 c5 6. Be3 cxd4 7. Qxd4 Qxd4 8.
Bxd4 Nc6 9. Be3 Nb4 10. Na3 e5 11. O-O-O Nxa2+ 12. Kb1 Nc3+ 13. bxc3 Bxa3 0-1

[Event "AUTO-MASTER-1683"]
[Site "http://www.queenalice.com/game.php?id=1076980"]
[Date "2012.6.27"]
[Round "1"]
[White "spitty"]
[Black "goldaric"]
[Result "1-0"]
[WhiteElo "2353"]
[BlackElo "1968"]

1. d4 Nc6 2. e4 d6 3. Nf3 h6 4. d5 Ne5 5. Nxe5 dxe5 6. Nc3 e6 7. Bb5+ Bd7 8.
dxe6 fxe6 9. Qh5+ Ke7 10. Be3 Bxb5 11. Rd1 Qe8 12. Bc5+ Kf6 13. Nd5+ 1-0